000 00556nam a2200217 a 4500
001 BRCA_253
005 20190320202933.0
008 070508s1963----nyu#######---#000-0#eng-#
041 _aeng
044 _anyu
050 4 _aPZ3
_b.T78 1963
100 1 _aTruss, Seldon
_9875
245 1 0 _aTechnique for Treachery
_cby Seldon Truss.
260 _aGarden City, Nueva York
_bDoubleday
_c1963
300 _a179 p.
_c22 cm.
440 0 _aA crime club selection
_9876
500 _aCEF23
650 1 4 _aNovelas policĂ­acas
_9877
902 _aGFM
942 _2lcc
_cB
999 _c208
_d208